The tendency of strikes and sticks to produce low wages, and of union between masters and men to ensure good wages /

Bibliographic Details
Main Author: Martineau, Harriet, 1802-1876
Format: eBook
Language:English
Series:Making of the modern world (Goldsmiths'-Kress Library of Economic Literature)
Subjects:
Online Access:Connect to the full text of this electronic book

MARC

Tag First Indicator Second Indicator Subfields
LEADER 00000cam a2200000Ia 4500
001 in00002305821
005 20190326192234.0
006 m | d |
007 cr |n||||||||n
008 881007s1834 xx s 000 0 eng d
040 |a NYG  |c GKR  |d OCL  |d Thomson Gale  |d UtOrBLW 
043 |a e-uk--- 
100 1 |a Martineau, Harriet,  |d 1802-1876. 
245 1 4 |a The tendency of strikes and sticks to produce low wages, and of union between masters and men to ensure good wages /  |c by Harriet Martineau. 
264 3 |a Durham :  |b Printed and published by J.H. Veitch,  |c [1834?] 
300 |a 29 pages ;  |c 16 cm. 
336 |a text  |b txt  |2 rdacontent 
337 |a computer  |b c  |2 rdamedia 
338 |a online resource  |b cr  |2 rdacarrier 
500 |a Half title: Strikes and sticks. 
500 |a Reproduction of original from Goldsmiths' Library, University of London. 
500 |a Goldsmiths'-Kress number 28754. 
510 4 |a OCLC,  |c 18580485 
533 |a Electronic reproduction.  |b Farmington Hills, Mich. :  |c Thomson Gale,  |d 2005.  |f (The making of the modern world).  |n Available via the World Wide Web.  |n Access limited to licensing agreements.  |7 s2005 miunns 
500 |a Electronic resource. 
650 0 |a Strikes and lockouts  |z Great Britain. 
650 0 |a Labor unions  |z Great Britain. 
655 0 |a Electronic books. 
740 0 |a Strikes and sticks. 
830 0 |a Making of the modern world (Goldsmiths'-Kress Library of Economic Literature) 
856 4 0 |u http://proxy.library.tamu.edu/login?url=http://galenet.galegroup.com/servlet/MOME?af=RN&ae=U105373791&srchtp=a&ste=14&locID=txshracd2898  |z Connect to the full text of this electronic book  |t 0 
999 |a MARS 
999 f f |s a4939366-fb36-3c91-b9aa-62d1fc86d27f  |i 263cda01-3478-3066-9a0d-3e5b19cc13aa  |t 0 
952 f f |a Texas A&M University  |b College Station  |c Electronic Resources  |d Available Online  |t 0  |h No information provided 
998 f f |t 0  |l Available Online